Guess the rapper by their albums - Statistics

General Stats
  • This quiz has been taken 1,834 times
  • The average score is 12 of 15
Answer Stats
Album Album Album Answer % Correct
808’s and Heartbreak The Life Of Pablo Jesus is King Kanye West
95%
Good Kid Maad City Damn To Pimp a Butterfly Kendrick Lamar
94%
More Life Views Scorpion Drake
93%
Goodbye and Good riddance Death Race for love Wrld on Drugs Juice Wrld
91%
2014 Forest Hills Drive 4 Your Eyez Only KOD J Cole
89%
17 Skins ? Xxxtentacion
87%
The Carter Dedication The Carter V Lil Wayne
84%
Music to be Murdered By Recovery Kamikaze Eminem
83%
Eternal Atake Luv is Rage 2 The Perfect Love Tape Lil Uzi Vert
82%
All Eyez on Me Until the End of Time Me Against the World Tupac
81%
Still Flexin Still Steppin AI Youngboy Realer NBA Youngboy
74%
Street Gossip My Turn Drip Harder Lil baby
68%
Hollywood’s bleeding Stoney Beerbongs And Bentleys Post Malone
65%
Artist 2.0 Hoodie Szn The Biggest Artist A Boogie
55%
Ready to Die Life After Death Born Again Biggie Smalls
42%
No matching quizzes found
Score Distribution
Percent of People with Each Score
Percentile by Number Answered
Your Score History
You have not taken this quiz